000 00595cam a2200205ua 4500
001 1394
008 110709n ii |||gr||||Z||||||asm
040 _cMAIN
082 _a379.54
100 _aSharma, Mukunda,
_eAuthor.
245 1 _aBharatar Sikshar itihas :
_bbharatiya sikshar oitihasik dristipat /
_cby Mukunda Sharma
250 _a2nd.
260 _aGuahati:
_bAsam Book depot,
_c2007.
300 _axiv;452p:
_c23cm.
653 _aEducation
653 _aBharatar Sihshar Itihas
700 _aDeka, Birendra,
_eco-author.
700 _aDeka, Kandarpa Kumar,
_eco-author.
942 _cBK
999 _c1288
_d1288